Spell the Marvel Character #379 - Statistics

General Stats
  • This quiz has been taken 12 times
  • The average score is 6 of 8
Answer Stats
Picture Answer % Correct
Agent Venom
100%
Nova
92%
Arana
83%
Iron Lad
75%
Justice
75%
Zabu
75%
Jazinda
67%
Dinah Soar
58%
No matching quizzes found
Score Distribution
Percent of People with Each Score
Percentile by Number Answered
Your Score History
You have not taken this quiz